| 000 | 00829nam a22002297a 4500 | ||
|---|---|---|---|
| 999 |
_c2457 _d2457 |
||
| 003 | AR-CdUCM | ||
| 008 | 190304b ||||| |||| 00| 0 spa d | ||
| 040 |
_aMUNICIPALIDAD PROVINCIAL DEL CUSCO _cBIBLIOTECA MUNICIPAL DEL CUSCO |
||
| 041 | _heng | ||
| 082 |
_a336 / _bB959 |
||
| 100 |
_aBurkhead, Jesse De Witt. _98789 |
||
| 245 | _aEl sistema presupuestario gubernamental / | ||
| 260 |
_aMéxico : _bA.I.D. _c1563. |
||
| 300 |
_a504 paginas ; _c28 cm. |
||
| 505 | _aEl presupuesto y el gobierno moderno -- Clasificación del Presupuesto -- Las fases del Proceso Presupuestario -- Problemas Presupuestario especializados. | ||
| 650 |
_aEl gobierno moderno _98790 |
||
| 650 |
_aEl presupuesto _98791 |
||
| 650 |
_aEjecución del presupuesto _98792 |
||
| 700 |
_aLomelí, Carlos _98793 |
||
| 942 |
_2ddc _cLIBROS |
||
| 945 | _awnts | ||